Normal view MARC view

Entry Uniform Title

Number of records used in: 1

001 - CONTROL NUMBER

  • control field: 42237

003 - CONTROL NUMBER IDENTIFIER

  • control field: dpl

005 - DATE AND TIME OF LATEST TRANSACTION

  • control field: 20120216113310.0

008 - FIXED-LENGTH DATA ELEMENTS

  • fixed length control field: 120216|||a|||||| | ||| d

040 ## - CATALOGING SOURCE

  • Original cataloging agency: dpl
  • Transcribing agency: dpl

130 ## - HEADING--UNIFORM TITLE

  • Uniform title: Gandhi studies

670 ## - SOURCE DATA FOUND

  • Source citation: Work cat.: (dpl)48012: 22405 Gandhi, Mahatma 1869-1948., M.K. Gandhi’s Hind swaraj : , 2010

670 ## - SOURCE DATA FOUND

  • Source citation: Work cat.: (dpl)48012: 22405 Gandhi, Mahatma 1869-1948., M.K. Gandhi’s Hind swaraj : , 2010

© Delhi Public Library
Hit Counter
free hit counter